000 00322 a2200109 4500
001 ART_28074
005 20260410161951.0
008 260409a
245 1 0 _aThe cash flow model with float
100 1 _aApreda, Rodolfo
773 0 _tJournal of applied economics
_g- Vol. 2, NÂș 2 (nov. 1999)
_wREV28044
999 _c30358
_d30358